000 00712nam a2200205Ia 4500
005 20240530105132.0
008 140319s1982 xx 000 0 ara d
020 _a9770201863
040 _aGCL /
_cGCL
082 0 4 _a412 /
_bع ا
100 _aعبدالحميد الشلقانى
245 1 0 _aالاصمعى اللغوى : صورة عراقية فى القرن الثانى الهجرى /
_cعبدالحميد الشلقانى
260 _aالقاهرة :
_bدار المعارف،
_c1982
300 _a258 ص؛
_b24 سم
650 7 0 _2qrmak
_aالاصمعى
650 7 0 _2qrmak
_aالشعر
651 _2qrmak
_aالعرلق
942 _2ddc
_cBK
999 _c53453
_d53453